[Event "EU-ch U18 Girls"]
[White "Kovacs, Veronika"]
[Black "Buchholz, Maja Patricia"]
[Site "Prague"]
[Round "7"]
[Result "0-1"]
[Date "2024.08.29"]
[WhiteElo "1781"]
[BlackElo "1988"]
[PlyCount "80"]
[EventDate "2024.08.22"]
[EventType "swiss"]
[EventRounds "9"]
[EventCountry "CZE"]
[SourceTitle "CBM 221 Extra"]
[Source "ChessBase"]
[SourceDate "2024.09.30"]
[SourceVersion "1"]
[SourceVersionDate "2024.09.30"]
[SourceQuality "1"]

1. d4 Nf6 2. c4 g6 3. Nc3 d5 4. cxd5 Nxd5 5. e4 Nxc3 6. bxc3 Bg7 7. Bc4 c5 8. Ne2 0-0 9. 0-0 Nc6 10. Be3 b6 11. Qd2 Bb7 12. f3 Rc8 13. Rab1 e6 14. Rfc1 Qe7 15. Bg5 Qc7 16. Qe3 Na5 17. Bd3 Qd7 18. Bb5 Bc6 19. Bxc6 Rxc6 20. Rd1 Rd6 21. e5 cxd4 22. cxd4 Nc4 23. Qb3 Rc6 24. Rbc1 Rfc8 25. Bh4 R8c7 26. Rc3 Bh6 27. Rcd3 Na5 28. Qa4 Nc4 29. Qb3 Nb2 30. Qxb2 Rc2 31. Qb3 Rxe2 32. Re1 Rd2 33. Rd1 Rxd3 34. Qxd3 Qa4 35. f4 Bxf4 36. Qf3 Bxe5 37. Qa8+ Kg7 38. Qf3 Bxd4+ 39. Kh1 Bb2 40. g3 Qc6 0-1

[Event "EU-ch U18 Girls"]
[White "Kovacs, Veronika"]
[Black "Deladerriere, Calypso"]
[Site "Prague"]
[Round "5"]
[Result "0-1"]
[Date "2024.08.26"]
[WhiteElo "1781"]
[BlackElo "2044"]
[PlyCount "50"]
[EventDate "2024.08.22"]
[EventType "swiss"]
[EventRounds "9"]
[EventCountry "CZE"]
[SourceTitle "CBM 221 Extra"]
[Source "ChessBase"]
[SourceDate "2024.09.30"]
[SourceVersion "1"]
[SourceVersionDate "2024.09.30"]
[SourceQuality "1"]

1. d4 d5 2. Nf3 Nf6 3. c4 e6 4. Nc3 Bb4 5. a3 Bxc3+ 6. bxc3 Nc6 7. Bg5 h6 8. Bh4 g5 9. Bg3 Ne4 10. Qc2 h5 11. h4 Nxg3 12. fxg3 g4 13. Ng5 Qd6 14. e3 Qxg3+ 15. Kd1 Ne7 16. Bd3 dxc4 17. Bxc4 Nf5 18. Qe2 Nxe3+ 19. Kd2 Nxc4+ 20. Qxc4 Qxg2+ 21. Ke3 Bd7 22. Raf1 0-0 23. Ne4 f5 24. Ng5 f4+ 25. Kd3 a6 0-1

[Event "HUN-ch U20"]
[White "Buri, Petra Zsuzsanna"]
[Black "Kovacs, Veronika"]
[Site "Szolnok"]
[Round "9"]
[Result "1/2-1/2"]
[Date "2024.04.06"]
[WhiteElo "1972"]
[BlackElo "1931"]
[PlyCount "74"]
[EventDate "2024.03.31"]
[EventType "swiss"]
[EventRounds "9"]
[EventCountry "HUN"]
[SourceTitle "CBM 219 Extra"]
[Source "ChessBase"]
[SourceDate "2024.05.31"]
[SourceVersion "1"]
[SourceVersionDate "2024.05.31"]
[SourceQuality "1"]

1. e4 c6 2. d4 d5 3. f3 g6 4. Nc3 Bg7 5. Be3 Qb6 6. Rb1 e5 7. Nge2 Ne7 8. Qd2 Qc7 9. dxe5 Bxe5 10. Nd4 dxe4 11. Nxe4 Nf5 12. Nxf5 Bxf5 13. Bd4 Nd7 14. Bxe5 Qxe5 15. Bd3 0-0-0 16. 0-0 Nc5 17. Nxc5 Qxc5+ 18. Kh1 Bxd3 19. cxd3 Qd4 20. Rfd1 Rhe8 21. b4 Re5 22. a4 Rde8 23. Re1 Rxe1+ 24. Rxe1 Rxe1+ 25. Qxe1 Qxd3 26. Qe8+ Qd8 27. Qe1 Kd7 28. h3 Qe7 29. Qc3 Qd6 30. Qb3 Qd5 31. Qc2 a5 32. bxa5 Qxa5 33. Qb3 Qe1+ 34. Kh2 Qe5+ 35. Kh1 Qe1+ 36. Kh2 Qe5+ 37. Kh1 Qe1+ 1/2-1/2

[Event "HUN-ch U20"]
[White "Kiraly, Lilla Virag"]
[Black "Kovacs, Veronika"]
[Site "Szolnok"]
[Round "2"]
[Result "1-0"]
[Date "2024.04.02"]
[WhiteElo "1923"]
[BlackElo "1931"]
[PlyCount "119"]
[EventDate "2024.03.31"]
[EventType "swiss"]
[EventRounds "9"]
[EventCountry "HUN"]
[SourceTitle "CBM 219 Extra"]
[Source "ChessBase"]
[SourceDate "2024.05.31"]
[SourceVersion "1"]
[SourceVersionDate "2024.05.31"]
[SourceQuality "1"]

1. e4 c6 2. Nc3 d5 3. Nf3 Bg4 4. h3 Bxf3 5. Qxf3 e6 6. d4 Nf6 7. exd5 Nxd5 8. Bd2 Nd7 9. Nxd5 exd5 10. Bd3 Qf6 11. Qe2+ Be7 12. c3 0-0 13. 0-0 Rfe8 14. Qg4 Nf8 15. Rae1 Qh4 16. a4 Qxg4 17. hxg4 h6 18. b4 a6 19. b5 axb5 20. axb5 Ne6 21. Bf5 Bd6 22. Rb1 Reb8 23. Rfe1 Nc7 24. b6 Nb5 25. Ra1 Ra6 26. Bd3 Rxb6 27. Rab1 Kf8 28. Rb3 Ra6 29. Bxb5 cxb5 30. Rxb5 Ra2 31. Be3 Rc2 32. Rxd5 Bc7 33. Rc5 Bd6 34. Rc4 Ra8 35. g3 f6 36. Rb1 Rb8 37. d5 Ra2 38. Bc5 Ke7 39. Bb6 Kd7 40. Re4 Rc2 41. Ba7 Rc8 42. Rxb7+ Rc7 43. Rxc7+ Bxc7 44. Bd4 Kd6 45. c4 Rxc4 46. Be5+ Kxd5 47. Rxc4 Bxe5 48. Ra4 Ke6 49. Ra7 f5 50. Ra6+ Kf7 51. gxf5 Bd4 52. Kg2 Bc5 53. f4 Bd4 54. Kf3 Bf6 55. g4 g5 56. fxg6+ Kxg6 57. Ke4 Kg7 58. Kf5 Bd8 59. Ra7+ Kf8 60. Kg6 1-0

[Event "HUN-chT 2324"]
[White "Gaal, Zsoka"]
[Black "Kovacs, Veronika"]
[Site "Hungary"]
[Round "2.10"]
[Result "1-0"]
[Date "2023.10.29"]
[WhiteElo "2305"]
[BlackElo "1636"]
[PlyCount "65"]
[EventDate "2023.10.28"]
[EventType "team-tourn"]
[EventRounds "9"]
[EventCountry "HUN"]
[SourceTitle "CBM 216 Extra"]
[Source "ChessBase"]
[SourceDate "2023.11.30"]
[SourceVersion "1"]
[SourceVersionDate "2023.11.30"]
[SourceQuality "1"]
[WhiteTeam "Ajka Sentimento"]
[BlackTeam "Kekes"]
[WhiteTeamCountry "HUN"]
[BlackTeamCountry "HUN"]

1. d4 d5 2. c4 e6 3. Nc3 Nf6 4. cxd5 exd5 5. Bg5 Be7 6. e3 c6 7. Bd3 0-0 8. Nge2 Re8 9. 0-0 Nbd7 10. a4 Ne4 11. Bxe7 Qxe7 12. a5 Nd6 13. Qc2 h6 14. Nf4 Nf6 15. Rfe1 Qd8 16. f3 a6 17. Qf2 Bf5 18. Bxf5 Nxf5 19. Nd3 Nd6 20. b3 Qd7 21. Nc5 Qc7 22. e4 dxe4 23. fxe4 Nb5 24. Nxb5 axb5 25. b4 Rad8 26. Ra3 Re7 27. Rf3 b6 28. axb6 Qxb6 29. Rxf6 gxf6 30. Qxf6 Qc7 31. Re3 Re6 32. Rg3+ Kh7 33. Qg7# 1-0

[Event "HUN-ch U16/18 Girls"]
[White "Kovacs, Veronika"]
[Black "Vilics, Hanna"]
[Site "Buek"]
[Round "5"]
[Result "1/2-1/2"]
[Date "2023.06.22"]
[WhiteElo "1697"]
[BlackElo "1809"]
[PlyCount "55"]
[EventDate "2023.06.17"]
[EventType "swiss"]
[EventRounds "9"]
[EventCountry "HUN"]
[SourceTitle "CBM 215 Extra"]
[Source "ChessBase"]
[SourceDate "2023.09.30"]
[SourceVersion "1"]
[SourceVersionDate "2023.09.30"]
[SourceQuality "1"]

1. c4 c5 2. Nf3 Nf6 3. g3 d5 4. Bg2 Nc6 5. 0-0 e5 6. d3 Be7 7. Bg5 Be6 8. Nc3 dxc4 9. Qa4 cxd3 10. Nxe5 dxe2 11. Nxe2 0-0 12. Nxc6 bxc6 13. Bxc6 Rc8 14. Nf4 Bf5 15. Ng2 Qb6 16. Bf3 c4 17. Be3 Bc5 18. Rac1 Bd3 19. Rfd1 Qxb2 20. Bxc5 Rxc5 21. Nf4 Be4 22. Bxe4 Nxe4 23. Rc2 Qb6 24. Nd5 Qh6 25. Rxc4 Rxc4 26. Qxc4 Qh5 27. Ne3 Ng5 28. Qg4 1/2-1/2

[Event "HUN-ch U16/18 Girls"]
[White "Vilics, Hanna"]
[Black "Kovacs, Veronika"]
[Site "Buek"]
[Round "1"]
[Result "0-1"]
[Date "2023.06.19"]
[WhiteElo "1809"]
[BlackElo "1697"]
[PlyCount "56"]
[EventDate "2023.06.17"]
[EventType "swiss"]
[EventRounds "9"]
[EventCountry "HUN"]
[SourceTitle "CBM 215 Extra"]
[Source "ChessBase"]
[SourceDate "2023.09.30"]
[SourceVersion "1"]
[SourceVersionDate "2023.09.30"]
[SourceQuality "1"]

1. d4 Nf6 2. Nf3 g6 3. e3 Bg7 4. Bd3 0-0 5. 0-0 d6 6. Nbd2 Nbd7 7. c3 e5 8. e4 Re8 9. Re1 d5 10. b4 exd4 11. cxd4 dxe4 12. Nxe4 Nxe4 13. Bxe4 Nf6 14. Bg5 Qd6 15. Bxf6 Bxf6 16. Qb3 Be6 17. Qc3 c6 18. h3 Bd5 19. Bxd5 Qxd5 20. Re3 Re4 21. Rxe4 Qxe4 22. Re1 Qd5 23. a3 Rd8 24. Rd1 b6 25. Rc1 Bxd4 26. Nxd4 Qxd4 27. Qxc6 Qb2 28. Qc3 Rd1+ 0-1

[Event "HUN-chT1 Maroczy 2223"]
[White "Kovacs, Veronika"]
[Black "Toth, Kinga"]
[Site "Hungary"]
[Round "7.12"]
[Result "1-0"]
[Date "2023.03.12"]
[WhiteElo "1626"]
[BlackElo "1329"]
[PlyCount "59"]
[EventDate "2022.11.20"]
[EventType "team-tourn"]
[EventRounds "9"]
[EventCountry "HUN"]
[SourceTitle "EXT 2025"]
[Source "ChessBase"]
[SourceDate "2024.10.14"]
[SourceVersion "1"]
[SourceVersionDate "2024.10.14"]
[SourceQuality "1"]
[WhiteTeam "Kekes"]
[BlackTeam "DVTK"]
[WhiteTeamCountry "HUN"]
[BlackTeamCountry "HUN"]

1. d4 d5 2. c4 e6 3. cxd5 exd5 4. Nc3 Nf6 5. Bg5 Be6 6. Qb3 b6 7. e3 Be7 8. Nf3 0-0 9. Be2 Nbd7 10. 0-0 c5 11. Rac1 c4 12. Qc2 h6 13. Bh4 Nh7 14. Bg3 f5 15. Ne5 Nxe5 16. Bxe5 Ng5 17. Nb5 Qd7 18. Nc7 Rac8 19. Nxe6 Qxe6 20. Qa4 a5 21. b3 Ne4 22. bxc4 dxc4 23. Bxc4 Rxc4 24. Rxc4 Nd2 25. Rc6 Qf7 26. Rfc1 Kh7 27. Rxb6 Qh5 28. Qc6 Qe2 29. Qg6+ Kg8 30. Qxg7# 1-0

[Event "HUN-chT1 Maroczy 2223"]
[White "Kovacs, Veronika"]
[Black "Kristofori, Attila"]
[Site "Hungary"]
[Round "3.12"]
[Result "0-1"]
[Date "2022.12.18"]
[WhiteElo "1671"]
[BlackElo "1998"]
[PlyCount "58"]
[EventDate "2022.11.20"]
[EventType "team-tourn"]
[EventRounds "9"]
[EventCountry "HUN"]
[SourceTitle "EXT 2025"]
[Source "ChessBase"]
[SourceDate "2024.10.14"]
[SourceVersion "1"]
[SourceVersionDate "2024.10.14"]
[SourceQuality "1"]
[WhiteTeam "Kekes"]
[BlackTeam "NYVSC"]
[WhiteTeamCountry "HUN"]
[BlackTeamCountry "HUN"]

1. d4 d5 2. c4 dxc4 3. Nc3 Nf6 4. e4 e5 5. Qa4+ Bd7 6. Qxc4 exd4 7. Qxd4 Nc6 8. Qe3 Ng4 9. Qg3 Nb4 10. Bd3 Bd6 11. f4 Bc5 12. Nh3 Qe7 13. Bd2 Ne3 14. Bxe3 Nxd3+ 15. Ke2 0-0-0 16. Bxc5 Nxc5 17. Nf2 Be6 18. Rhd1 Bc4+ 19. Ke1 f5 20. e5 Ne6 21. Qe3 Kb8 22. b3 Ba6 23. Nd5 Qa3 24. Nc3 Qb4 25. Rac1 Nxf4 26. Rxd8+ Rxd8 27. Qg3 Qd4 28. Nce4 Qe3+ 29. Qxe3 Nxg2# 0-1

[Event "SVK-chT2C 2223"]
[White "Tropp, Frantisek"]
[Black "Kovacs, Veronika"]
[Site "Slovakia"]
[Round "4.4"]
[Result "1-0"]
[Date "2022.11.13"]
[WhiteElo "2087"]
[BlackElo "1815"]
[PlyCount "101"]
[EventDate "2022.10.08"]
[EventType "team-tourn"]
[EventRounds "11"]
[EventCountry "SVK"]
[SourceTitle "EXT 2024"]
[Source "ChessBase"]
[SourceDate "2023.10.10"]
[SourceVersion "1"]
[SourceVersionDate "2023.10.10"]
[SourceQuality "1"]
[WhiteTeam "Liptov Chess School III"]
[BlackTeam "Vinica"]
[WhiteTeamCountry "SVK"]
[BlackTeamCountry "SVK"]

1. e4 c6 2. d4 d5 3. exd5 cxd5 4. Bd3 Nc6 5. c3 Qc7 6. h3 Nf6 7. Nf3 e6 8. Qe2 Bd6 9. Bg5 Nh5 10. 0-0 h6 11. Be3 Nf4 12. Bxf4 Bxf4 13. Nbd2 0-0 14. Rfe1 Bd7 15. Nb3 Rac8 16. Rad1 Na5 17. Nc5 Bd6 18. Nxd7 Qxd7 19. Bb1 Nc4 20. Qc2 g6 21. Nh4 Qe8 22. Re2 Kg7 23. Rde1 Rc6 24. Qd3 Rb6 25. b3 Na3 26. g3 Nxb1 27. Qxb1 Bb8 28. Qd3 Qb5 29. c4 dxc4 30. bxc4 Qd7 31. d5 Rd6 32. Qc3+ Kh7 33. dxe6 Rxe6 34. Rxe6 fxe6 35. Qe3 Qf7 36. Re2 e5 37. Qe4 Bd6 38. Kg2 Rc8 39. Rc2 Rc5 40. Nf3 Qc7 41. h4 Qf7 42. h5 Kg7 43. Nh4 Be7 44. hxg6 Qe6 45. Nf5+ Kf8 46. Nxe7 Qxe7 47. Qf5+ Kg7 48. Rd2 e4 49. Rd5 Rxd5 50. cxd5 Qe8 51. d6 1-0

[Event "HUN-chT U18"]
[White "Nagy, Adam1"]
[Black "Kovacs, Veronika"]
[Site "Budapest"]
[Round "4.4"]
[Result "1-0"]
[Date "2022.11.02"]
[WhiteElo "1490"]
[BlackElo "1818"]
[PlyCount "67"]
[EventDate "2022.10.31"]
[EventType "team-swiss"]
[EventRounds "7"]
[EventCountry "HUN"]
[SourceTitle "CBM 211 Extra"]
[Source "ChessBase"]
[SourceDate "2023.01.31"]
[SourceVersion "1"]
[SourceVersionDate "2023.01.31"]
[SourceQuality "1"]
[WhiteTeam "Tuxera Aquaprofit NSK"]
[BlackTeam "Kekesi SE"]
[WhiteTeamCountry "HUN"]
[BlackTeamCountry "HUN"]

1. e4 c6 2. d4 d5 3. exd5 cxd5 4. c4 Nf6 5. Nc3 Nc6 6. Nf3 Bg4 7. Be3 e6 8. Be2 Bb4 9. 0-0 Bxf3 10. Bxf3 dxc4 11. Qa4 Qd6 12. Nb5 Qe7 13. Bf4 0-0 14. a3 a6 15. Nc7 Bd6 16. Bxd6 Qxd6 17. Nxa8 Rxa8 18. Bxc6 bxc6 19. Qxc4 Rb8 20. Rac1 h6 21. b4 a5 22. bxa5 Qxa3 23. Ra1 Qd6 24. a6 Ra8 25. Rfc1 Ra7 26. Qc5 Qxc5 27. Rxc5 Nd5 28. Rxc6 Kh7 29. Kf1 Kg6 30. Ke2 Kf5 31. Kd2 Nb4 32. Rb6 Nd5 33. Rb7 Ra8 34. a7 1-0

[Event "HUN-chT U18"]
[White "Szalay Ocsak, Bank"]
[Black "Kovacs, Veronika"]
[Site "Budapest"]
[Round "2.4"]
[Result "1-0"]
[Date "2022.11.01"]
[WhiteElo "2097"]
[BlackElo "1818"]
[PlyCount "47"]
[EventDate "2022.10.31"]
[EventType "team-swiss"]
[EventRounds "7"]
[EventCountry "HUN"]
[SourceTitle "CBM 211 Extra"]
[Source "ChessBase"]
[SourceDate "2023.01.31"]
[SourceVersion "1"]
[SourceVersionDate "2023.01.31"]
[SourceQuality "1"]
[WhiteTeam "Budapest MTK"]
[BlackTeam "Kekesi SE"]
[WhiteTeamCountry "HUN"]
[BlackTeamCountry "HUN"]

1. e4 c6 2. d4 d5 3. e5 Bf5 4. h4 c5 5. g4 Bd7 6. Bg2 e6 7. c3 Ne7 8. h5 Nec6 9. Ne2 Na6 10. Be3 Qb6 11. Qd2 Rc8 12. 0-0 Be7 13. f4 cxd4 14. Nxd4 Nxd4 15. cxd4 Nb4 16. Nc3 g6 17. f5 exf5 18. a3 Na6 19. Nxd5 Qb3 20. Rac1 Rxc1 21. Rxc1 fxg4 22. Bg5 Bd8 23. Bxd8 Kxd8 24. Qg5+ 1-0

[Event "HUN-chT U18"]
[White "Kovacs, Veronika"]
[Black "Haaz, Gabor Istvan"]
[Site "Budapest"]
[Round "1.4"]
[Result "0-1"]
[Date "2022.10.31"]
[WhiteElo "1818"]
[BlackElo "1385"]
[PlyCount "100"]
[EventDate "2022.10.31"]
[EventType "team-swiss"]
[EventRounds "7"]
[EventCountry "HUN"]
[SourceTitle "CBM 211 Extra"]
[Source "ChessBase"]
[SourceDate "2023.01.31"]
[SourceVersion "1"]
[SourceVersionDate "2023.01.31"]
[SourceQuality "1"]
[WhiteTeam "Kekesi SE"]
[BlackTeam "Godollo"]
[WhiteTeamCountry "HUN"]
[BlackTeamCountry "HUN"]

1. c4 e5 2. Nc3 Nc6 3. Nf3 Bc5 4. g3 d6 5. Bg2 a6 6. 0-0 Nf6 7. d3 h6 8. Rb1 0-0 9. Na4 Ba7 10. b4 Rb8 11. Nc3 b5 12. Nd2 Bd7 13. cxb5 axb5 14. a4 Ne7 15. axb5 Bd4 16. Nde4 Nxe4 17. Nxe4 Bxb5 18. Bb2 Bxb2 19. Rxb2 Bc6 20. Qc2 f5 21. Nd2 Bxg2 22. Kxg2 Qd7 23. Rc1 Rbc8 24. Qb3+ Kh8 25. Rbc2 f4 26. Rc3 c6 27. Ne4 d5 28. Nc5 Qf5 29. f3 fxg3 30. hxg3 Rcd8 31. Ra1 Qg6 32. Rcc1 Nf5 33. g4 Rf6 34. Rh1 Ne3+ 35. Kh3 h5 36. Rag1 Kg8 37. gxh5 Qf5+ 38. Kg3 Qf4+ 39. Kf2 Ng4+ 40. Kg2 Ne3+ 41. Kf2 Ng4+ 42. Kg2 Qe3 43. Rf1 Nh6 44. Qc3 Rf5 45. Rh3 Rg5+ 46. Rg3 Rxg3+ 47. Kxg3 Nf5+ 48. Kg2 Qg5+ 49. Kh2 Qg3+ 50. Kh1 Nh4 0-1

[Event "HUN-chT2 Erkel 2122"]
[White "Kovacs, Veronika"]
[Black "Szabo, Balazs2"]
[Site "Hungary"]
[Round "4.12"]
[Result "1-0"]
[Date "2021.12.19"]
[WhiteElo "1639"]
[BlackElo "1719"]
[PlyCount "93"]
[EventDate "2021.10.10"]
[EventType "team-tourn"]
[EventRounds "9"]
[EventCountry "HUN"]
[SourceTitle "EXT 2025"]
[Source "ChessBase"]
[SourceDate "2024.10.14"]
[SourceVersion "1"]
[SourceVersionDate "2024.10.14"]
[SourceQuality "1"]
[WhiteTeam "Kekes"]
[BlackTeam "Dunaharaszti II"]
[WhiteTeamCountry "HUN"]
[BlackTeamCountry "HUN"]

1. c4 Nf6 2. Nc3 g6 3. Nf3 Bg7 4. g3 d6 5. Bg2 0-0 6. 0-0 Nbd7 7. d3 e5 8. e4 a5 9. a3 Nc5 10. Be3 Nfd7 11. b4 Ne6 12. Qd2 Nd4 13. Bxd4 exd4 14. Nb5 Ne5 15. Nfxd4 Nd7 16. Rab1 c6 17. Nxc6 bxc6 18. Nxd6 Ne5 19. c5 axb4 20. axb4 Be6 21. Rfc1 Qf6 22. f4 Ng4 23. e5 Qe7 24. Bxc6 Ra2 25. Rc2 Rxc2 26. Qxc2 f6 27. d4 fxe5 28. dxe5 Ne3 29. Qe2 Qc7 30. Bb5 Nd5 31. Qd3 Nxb4 32. Rxb4 Qxc5+ 33. Rd4 Qc1+ 34. Qd1 Qe3+ 35. Kg2 Bxe5 36. Re4 Qc3 37. Rxe5 Bb3 38. Qe2 Qd4 39. Bc4+ Bxc4 40. Nxc4 Qc3 41. Re8 Qd4 42. Qe6+ Kg7 43. Re7+ Kh8 44. Nd6 Qd2+ 45. Kh3 Qd1 46. Qe5+ Kg8 47. Qg7# 1-0

[Event "HUN-chT2 Erkel 2122"]
[White "Kovacs, Veronika"]
[Black "Koncz, Regina"]
[Site "Hungary"]
[Round "2.12"]
[Result "1-0"]
[Date "2021.10.31"]
[WhiteElo "1667"]
[BlackElo "1371"]
[PlyCount "65"]
[EventDate "2021.10.10"]
[EventType "team-tourn"]
[EventRounds "9"]
[EventCountry "HUN"]
[SourceTitle "EXT 2025"]
[Source "ChessBase"]
[SourceDate "2024.10.14"]
[SourceVersion "1"]
[SourceVersionDate "2024.10.14"]
[SourceQuality "1"]
[WhiteTeam "Kekes"]
[BlackTeam "Egri Bolyky"]
[WhiteTeamCountry "HUN"]
[BlackTeamCountry "HUN"]

1. c4 e5 2. Nc3 Nc6 3. g3 f5 4. d3 Nf6 5. Bg2 Bc5 6. e4 d6 7. Nge2 0-0 8. 0-0 Bd7 9. a3 a5 10. Bd2 Qc8 11. Na4 Ba7 12. b4 axb4 13. axb4 f4 14. c5 Nh5 15. gxf4 exf4 16. Nc1 Bg4 17. f3 Bh3 18. Nb3 Bxg2 19. Kxg2 Qe6 20. Rg1 Qe7 21. d4 dxc5 22. bxc5 Rad8 23. Bc3 b5 24. Nb2 Ra8 25. Nd3 Rfd8 26. d5 b4 27. Bb2 Nb8 28. Qd2 Nd7 29. Qxb4 Rdb8 30. Qc4 Nhf6 31. e5 Nh5 32. d6+ Qf7 33. e6 1-0

[Event "HUN-ch U14 Girls"]
[White "Kovacs, Veronika"]
[Black "Harkai, Emma"]
[Site "Budapest"]
[Round "5"]
[Result "1/2-1/2"]
[Date "2020.10.27"]
[WhiteElo "1681"]
[BlackElo "1335"]
[PlyCount "96"]
[EventDate "2020.10.24"]
[EventType "tourn"]
[EventRounds "9"]
[EventCountry "HUN"]
[SourceTitle "CBM 199 Extra"]
[Source "ChessBase"]
[SourceDate "2021.01.31"]
[SourceVersion "1"]
[SourceVersionDate "2021.01.31"]
[SourceQuality "1"]

1. d4 d5 2. c4 e6 3. Nc3 Nf6 4. cxd5 exd5 5. Bg5 Be7 6. Qc2 h6 7. Bh4 0-0 8. e3 b6 9. Bd3 c5 10. Nf3 Nc6 11. a3 Re8 12. Bb5 Bb7 13. Qa4 Qd6 14. Bg3 Qe6 15. dxc5 bxc5 16. 0-0 a6 17. Be2 Bd6 18. Bxd6 Qxd6 19. Rfd1 Qe6 20. b4 cxb4 21. axb4 Red8 22. Nd4 Nxd4 23. Rxd4 Rdc8 24. Qb3 Rc7 25. Na4 Ne4 26. f3 Nc3 27. Kf2 Re8 28. Rd3 Nxe2 29. Kxe2 Qe5 30. Rad1 Qxh2 31. Kf2 Qh4+ 32. Kg1 Qf6 33. Nc5 Ba8 34. Qa4 Rce7 35. Nxa6 Qb6 36. Nc5 Bc6 37. Qb3 Rb8 38. Rb1 Ree8 39. Rc3 Rec8 40. Qd1 Qd8 41. Qc1 Qf6 42. Na6 Rb5 43. Rb2 d4 44. Rcc2 dxe3 45. Qxe3 Rd8 46. Rb1 Be4 47. Qxe4 Qxa6 48. Rc6 Qb7 1/2-1/2

[Event "HUN-ch U14 Girls"]
[White "Kovacs, Veronika"]
[Black "Javorek, Janka"]
[Site "Budapest"]
[Round "3"]
[Result "1/2-1/2"]
[Date "2020.10.25"]
[WhiteElo "1681"]
[BlackElo "1560"]
[PlyCount "68"]
[EventDate "2020.10.24"]
[EventType "tourn"]
[EventRounds "9"]
[EventCountry "HUN"]
[SourceTitle "CBM 199 Extra"]
[Source "ChessBase"]
[SourceDate "2021.01.31"]
[SourceVersion "1"]
[SourceVersionDate "2021.01.31"]
[SourceQuality "1"]

1. d4 d5 2. c4 e6 3. Nc3 Nf6 4. cxd5 exd5 5. Bg5 c6 6. Qc2 Be7 7. e3 Nbd7 8. Bd3 h6 9. Bh4 Nb6 10. Nge2 Be6 11. f3 0-0 12. 0-0 Rc8 13. Bf2 Bd6 14. e4 dxe4 15. fxe4 Ng4 16. e5 Nxf2 17. Rxf2 Be7 18. Rd1 Nd5 19. Nxd5 Qxd5 20. Nf4 Qxa2 21. Rff1 Bb3 22. Qb1 Qxb1 23. Rxb1 Bg5 24. Ra1 a6 25. Bf5 Rcd8 26. Ra3 Bc4 27. Rff3 Rxd4 28. Nd3 Rfd8 29. Nf2 Rd2 30. b3 Bb5 31. Ra1 Re2 32. Ne4 Re8 33. Rd1 g6 34. Bg4 Rxe4 1/2-1/2

[Event "HUN-chT2 Erkel 1718"]
[White "Kovacs, Veronika"]
[Black "Deak Sala, Emilia"]
[Site "Hungary"]
[Round "11.12"]
[Result "0-1"]
[Date "2018.05.06"]
[WhiteElo "1117"]
[BlackElo "1333"]
[PlyCount "68"]
[EventDate "2017.09.24"]
[EventType "team-tourn"]
[EventRounds "11"]
[EventCountry "HUN"]
[SourceTitle "EXT 2021"]
[Source "ChessBase"]
[SourceDate "2020.10.23"]
[SourceVersion "1"]
[SourceVersionDate "2020.10.23"]
[SourceQuality "1"]
[WhiteTeam "Salgotarjan"]
[BlackTeam "Budapest MAFC"]
[WhiteTeamCountry "HUN"]
[BlackTeamCountry "HUN"]

1. d4 Nf6 2. c4 e5 3. dxe5 Ng4 4. Nf3 Bc5 5. e3 Nc6 6. Be2 Ngxe5 7. Nbd2 0-0 8. 0-0 a6 9. b3 d6 10. Bb2 Ng6 11. Ne4 Bb6 12. Ng3 Re8 13. h3 Bd7 14. Qc2 Nce5 15. Rad1 Bc6 16. Nxe5 Nxe5 17. Qc3 f6 18. b4 Qe7 19. Ba3 Qf7 20. c5 dxc5 21. bxc5 Ba7 22. f4 Qg6 23. fxe5 Qxg3 24. Bf3 Bxf3 25. Rxf3 Qxe5 26. Qxe5 Rxe5 27. Rc1 Rd8 28. Kf1 Rd3 29. Bb4 Rdxe3 30. Rxe3 Rxe3 31. c6 bxc6 32. Rxc6 Bb6 33. Bc5 Rc3 34. Re6 Rxc5 0-1

[Event "HUN-chT2 Erkel 1718"]
[White "Baranyi, Robert"]
[Black "Kovacs, Veronika"]
[Site "Hungary"]
[Round "1.12"]
[Result "1-0"]
[Date "2017.09.24"]
[WhiteElo "1676"]
[BlackElo "1117"]
[PlyCount "115"]
[EventDate "2017.09.24"]
[EventType "team-tourn"]
[EventRounds "11"]
[EventCountry "HUN"]
[SourceTitle "EXT 2021"]
[Source "ChessBase"]
[SourceDate "2020.10.23"]
[SourceVersion "1"]
[SourceVersionDate "2020.10.23"]
[SourceQuality "1"]
[WhiteTeam "Jaszbereny"]
[BlackTeam "Salgotarjan"]
[WhiteTeamCountry "HUN"]
[BlackTeamCountry "HUN"]

1. e4 c6 2. d4 d5 3. Nd2 dxe4 4. Nxe4 Bf5 5. Ng3 Bg6 6. h4 f6 7. h5 Bf7 8. Nf3 h6 9. Bd3 e6 10. Bf4 Bd6 11. Qd2 Ne7 12. 0-0-0 Qc7 13. Bxd6 Qxd6 14. Ne4 Qc7 15. Qb4 Nd5 16. Nd6+ Kd7 17. Qxb7 Qxb7 18. Nxb7 Re8 19. Nc5+ Kd6 20. Ne4+ Kd7 21. g3 e5 22. dxe5 fxe5 23. c4 Nb4 24. Bb1+ Kc7 25. a3 N4a6 26. Nd6 Re7 27. Nf5 Re8 28. Nxg7 Re7 29. Nf5 Re8 30. Nxh6 Bxc4 31. Rde1 Bd5 32. Be4 Bxe4 33. Rxe4 Nd7 34. Nf7 Rf8 35. N7xe5 Nxe5 36. Nxe5 Rxf2 37. Rc4 Re2 38. Nxc6 Kd7 39. Rd1+ Ke8 40. h6 Kf8 41. h7 Kg7 42. Rh4 Rh8 43. Rd7+ Kg6 44. Nd4 Re1+ 45. Kd2 Re5 46. Rd6+ Kg7 47. Rxa6 Rd5 48. Rxa7+ Kg6 49. Ke3 Re5+ 50. Re4 Rc5 51. Re6+ Kg5 52. Rg7+ Kh5 53. g4+ Kh4 54. Nf5+ Kh3 55. Kf3 Kh2 56. Rd7 Rc2 57. Rh6+ Kg1 58. Rd1# 1-0